000 00741nam a2200277Ia 4500
005 20260324112038.0
008 008 260324s9999 xx 000 0 eng d
020 _a9781003470229
037 _aEBOOK
040 _aCRL
040 _beng
040 _cCRL
041 _2eng
041 _aeng
084 _qCRL
100 _aSatyajit Chakrabarti; Saikat Chakrabarti; Amit Kumar Bhandari; Dipak Saha; Rabin Mazumder
_91141077
245 0 _aPerspectives in Finance and Digital Transformations in Business
260 _bTaylor and Francis
260 _c2024
365 _a
365 _b230
856 _uhttp://www.taylorfrancis.com/books/9781003470229
942 _cEBOOK
999 _c1730118
_d1730118